Κατάλογος Βιβλιοθηκών Mediterranean College

Σχολείο Χωρίς Σύνορα / Μαθητικά Γυμνάσματα στα Ανθρώπινα Δικαιώματα (Record no. 2362)

MARC details
000 -LEADER
fixed length control field 01896cam a22001934a 4500
005 - ΗΜΕΡΟΜΗΝΙΑ ΚΑΙ ΩΡΑ ΤΕΛΕΥΤΑΙΑΣ ΕΝΗΜΕΡΩΣΗΣ
Πεδίο ελέγχου 20250605164039.0
008 - FIXED-LENGTH DATA ELEMENTS--GENERAL INFORMATION
Πεδίο ελέγχου σταθερού μήκους 250528s ||||||||||||||||||||||||d
035 ## - SYSTEM CONTROL NUMBER
System control number 16912
020 ## - ISBN
ISBN 9608608120
040 ## - ΠΗΓΗ ΚΑΤΑΛΟΓΟΓΡΑΦΗΣΗΣ
Φορέας πρωτότυπης καταλογογράφησης MC Athens Campus Library
Γλώσσα καταλογογράφησης Ελληνικά, Μοντέρνα (1453-)
Modifying agency MC Athens Campus Library
Κανόνες περιγραφικής καταλογογράφησης AACR2
245 1# - ΤΙΤΛΟΣ ΚΑΙ ΔΗΛΩΣΗ ΥΠΕΥΘΥΝΟΤΗΤΑΣ
Τίτλος Σχολείο Χωρίς Σύνορα / Μαθητικά Γυμνάσματα στα Ανθρώπινα Δικαιώματα
260 ## - PUBLICATION, DISTRIBUTION, ETC.
Name of publisher, distributor, etc. Κέντρο Μελετών Και Τεκμηρίωσης (Κεμετε),
Date of publication, distribution, etc. 2000
300 ## - PHYSICAL DESCRIPTION
Extent 176
520 ## - SUMMARY, ETC.
Summary, etc. Εισαγωγή, Το Πρόγραμμα Φιλοξενία, Το Εκπαιδευτικό Υλικό και η Χρήση του, Μετανάστες και Ανθρώπινα Δικαιώματα, Η Ιστορία του Τζίμη, Οι Δουλειές των Μεταναστών, Το Στέκι των Μεταναστών, Μετανάστες και Κοινωνικά Προβλήματα, Όταν οι Έλληνες ήταν Μετανάστες, Πρόσφυγες και Ανθρώπινα Δικαιώματα, Ποιό είναι οι Πρόσφυγες, Το Άσυλο: Ιστορική Διαδρομή, Αναζητώντας Ασφάλεια στην Ευρώπη, Πρόσφυγες: Θεραπεία ή Πρόληψη;, Ρατσισμός και Ανθρώπινα Δικαιώματα, Είμαστε οι Έλληνες Ρατσιστες;, Διακρίσεις στα Σχολεία, Όλοι Διαφορετικοί - Όλοι Ίσοι, Ανθρώπινα Δικαιώματα για Όλους, Παιδική Εργασία, Άτομα με Ειδικές Ανάγκες: Έχουν τα Ίδια Δικαιώματα,Ειρήνη: Ύψιστο Δικαίωμα και Μέγα Αγαθό, Παράρτημα, Βιβλιογραφία.
700 1# - ΠΡΟΣΘΕΤΗ ΑΝΑΓΡΑΦΗ--ΦΥΣΙΚΟ ΠΡΟΣΩΠΟ
Personal name Χαραμής Παύλος
9 (RLIN) 3005
942 ## - ADDED ENTRY ELEMENTS (KOHA)
Koha item type Books
Holdings
Τύπος τεκμηρίου Βιβλιοθήκη Τρέχουσα τοποθεσία Barcode Αριθμός εισαγωγής Ημερομηνία απόκτησης Ταξιθετικό σύμβολο Αριθμός αντιτύπου Κατάσταση απόσυρσης Κατάσταση χαμένου Κατάσταση κατεστραμμένου Μη δανεισμός Σύνολο δανεισμών Ημερομηνία τελευταίας εμφάνισης Η τιμή ισχύει από
Books MC Athens Campus Library MC Athens Campus Library 9780000023612 5568 05/06/2025 323.0712495 KMT 1           05/06/2025 05/06/2025

MC Athens Campus Library
Πατησίων 94 & Κοδριγκτώνος 13, 104 34
Πελλήνης 8 & Πατησίων 107, 112 51
Τ: +30 210 8899600

MC Thessaloniki Campus Library
Ίωνος Δραγούμη 21, 54625 | Ίωνος Δραγούμη 15, 54625
Τ: +30 2310 287779 – Τ: +30 2314 440300